[Event "GRE-ch 68th"]
[Site "Thessaloniki"]
[Date "2018.12.20"]
[Round "9"]
[White "Nikolaidis, Ioannis"]
[Black "Skaperdas, Kostantinos"]
[Result "1-0"]
[WhiteElo "2564"]
[BlackElo "2231"]
[PlyCount "77"]
[EventDate "2018.12.12"]
[EventType "tourn"]
[EventRounds "9"]
[EventCountry "GRE"]
[EventCategory "5"]
[SourceTitle "CBM 187 Extra"]
[Source "ChessBase"]
[SourceDate "2018.11.04"]
[SourceVersion "1"]
[SourceVersionDate "2018.11.04"]
[SourceQuality "1"]

1. d4 e6 2. c4 d5 3. Nc3 Bb4 4. Qa4+ Nc6 5. e3 Nf6 6. Nf3 0-0 7. Bd2 Re8 8. Qc2 Bd6 9. a3 a6 10. Bd3 Bd7 11. 0-0 dxc4 12. Bxc4 e5 13. Ng5 Rf8 14. Nd5 g6 15. Nxf6+ Qxf6 16. Ne4 Qe7 17. d5 Nb8 18. Nxd6 cxd6 19. Rfc1 b5 20. Be2 a5 21. Qc7 Na6 22. Qxa5 Nc5 23. Qb4 f5 24. Qc3 g5 25. f3 h5 26. b4 Na4 27. Qb3 Rfc8 28. Rc6 Rab8 29. Bxb5 Rxb5 30. Rxc8+ Bxc8 31. Qxa4 Rxd5 32. Qc2 Bb7 33. Bc3 Qd7 34. a4 Qc6 35. Rc1 e4 36. fxe4 fxe4 37. Qf2 Qd7 38. Qf6 Rf5 39. Qh8+ 1-0

[Event "Kavala op 27th"]
[Site "Kavala"]
[Date "2018.08.08"]
[Round "6"]
[White "Kourkoulos Arditis, Stamatis"]
[Black "Skaperdas, Kostantinos"]
[Result "1-0"]
[WhiteElo "2433"]
[BlackElo "2213"]
[PlyCount "93"]
[EventDate "2018.08.05"]
[EventType "swiss"]
[EventRounds "9"]
[EventCountry "GRE"]
[SourceTitle "CBM 186 Extra"]
[Source "ChessBase"]
[SourceDate "2018.08.24"]
[SourceVersion "1"]
[SourceVersionDate "2018.08.24"]
[SourceQuality "1"]

1. e4 e6 2. d4 d5 3. Nc3 Bb4 4. e5 Ne7 5. a3 Bxc3+ 6. bxc3 c5 7. a4 0-0 8. Nf3 h6 9. Ba3 b6 10. dxc5 Qc7 11. c6 Re8 12. Bb5 Nbxc6 13. Bd6 Qb7 14. 0-0 Bd7 15. Qe2 Na5 16. Ba6 Qc6 17. Ra3 Nf5 18. Nd4 Nxd4 19. cxd4 Nc4 20. Bb5 Qc8 21. Bxc4 Qxc4 22. Qd2 Rac8 23. Rc1 Bxa4 24. Qf4 Kh7 25. Qxf7 Qxd4 26. h3 Qd2 27. Rca1 b5 28. Rg3 Rg8 29. c3 Rxc3 30. Bb4 d4 31. Rg4 Qc2 32. Bxc3 Qxc3 33. Rf1 Bb3 34. Rg3 Qc2 35. Ra1 Ba2 36. Qxa7 Bd5 37. Qxd4 Rc8 38. Ra7 Rg8 39. Qg4 Qc1+ 40. Kh2 Qg5 41. Qd4 Qf5 42. f4 Kh8 43. Rc7 Qf8 44. Qa7 b4 45. Rf7 Qa8 46. Qe7 Re8 47. Rf8+ 1-0

[Event "Athens Iraklion op 20th"]
[Site "Athens"]
[Date "2017.06.19"]
[Round "3"]
[White "Skaperdas, Kostantinos"]
[Black "Nikolaidis, Ioannis"]
[Result "0-1"]
[WhiteElo "2191"]
[BlackElo "2561"]
[PlyCount "110"]
[EventDate "2017.06.17"]
[EventType "swiss"]
[EventRounds "9"]
[EventCountry "GRE"]
[SourceTitle "CBM 179 Extra"]
[Source "ChessBase"]
[SourceDate "2017.08.23"]
[SourceVersion "1"]
[SourceVersionDate "2017.08.23"]
[SourceQuality "1"]

1. e4 c6 2. d4 d5 3. e5 Bf5 4. h4 h6 5. g4 Bd7 6. Nc3 Qc8 7. Be2 e6 8. Be3 c5 9. Nf3 a6 10. h5 cxd4 11. Nxd4 Bb4 12. Qd2 Nc6 13. f4 Nxd4 14. Qxd4 Bxc3+ 15. bxc3 Bb5 16. Bd3 Ne7 17. 0-0 g6 18. hxg6 fxg6 19. Bxb5+ axb5 20. a4 bxa4 21. Rxa4 Rxa4 22. Qxa4+ Kf7 23. Bd4 h5 24. g5 Rd8 25. Rb1 Rd7 26. Rb6 Rc7 27. Qb5 Qa8 28. Qb2 Nf5 29. Bf2 Qc8 30. Qb4 Ne7 31. Qb5 Qa8 32. Kg2 Nc8 33. Rd6 Nxd6 34. exd6 Rc6 35. Bd4 Rxd6 36. Qb4 Qa6 37. Kf2 Rd7 38. Be5 Qa2 39. Qb5 Qxc2+ 40. Kg3 Re7 41. Bf6 Rc7 42. Qa5 Qd3+ 43. Kg2 Qe4+ 44. Kg1 Qe3+ 45. Kg2 Qe2+ 46. Kg1 Qg4+ 47. Kh1 Qh3+ 48. Kg1 Qe3+ 49. Kh1 Qc5 50. Qa8 Rc8 51. Qxb7+ Qc7 52. Qb4 Rb8 53. Qa4 Qb7 54. Kh2 Ra8 55. Qc2 Qa7 0-1

[Event "Athens Iraklion op 20th"]
[Site "Athens"]
[Date "2017.06.17"]
[Round "1"]
[White "Skaperdas, Kostantinos"]
[Black "Bardis, Harilaos Panagiotis"]
[Result "1-0"]
[WhiteElo "2191"]
[BlackElo "1797"]
[PlyCount "86"]
[EventDate "2017.06.17"]
[EventType "swiss"]
[EventRounds "9"]
[EventCountry "GRE"]
[SourceTitle "CBM 179 Extra"]
[Source "ChessBase"]
[SourceDate "2017.08.23"]
[SourceVersion "1"]
[SourceVersionDate "2017.08.23"]
[SourceQuality "1"]

1. e4 e5 2. Nf3 Nc6 3. Bb5 a6 4. Ba4 Nf6 5. 0-0 b5 6. Bb3 Be7 7. Re1 d6 8. c3 0-0 9. h3 Na5 10. Bc2 c5 11. d4 Qc7 12. d5 c4 13. b4 cxb3 14. axb3 Nb7 15. b4 Bd7 16. Bd3 a5 17. Bd2 axb4 18. Rxa8 Rxa8 19. cxb4 Ra1 20. Qe2 Qb6 21. Nc3 Ra3 22. Rb1 Nh5 23. Be3 Nf4 24. Bxb6 Nxe2+ 25. Nxe2 Rxd3 26. Ra1 Bf8 27. Ra7 Bc8 28. Ra8 Bxh3 29. Rb8 Bg4 30. Ng3 Bxf3 31. gxf3 Rb3 32. Nf5 g6 33. Ne7+ Kg7 34. Nc6 Nc5 35. bxc5 dxc5 36. Kg2 b4 37. Rb7 Rb1 38. Nxe5 Bd6 39. Nxf7 Bf4 40. Bxc5 b3 41. Bd4+ Kf8 42. Nd8 Ke8 43. Ne6 Bd2 1-0

[Event "Ambelokipi op 156th"]
[Site "Athens"]
[Date "2015.12.09"]
[Round "5"]
[White "Milias, Renos"]
[Black "Skaperdas, Kostantinos"]
[Result "0-1"]
[WhiteElo "1684"]
[BlackElo "2126"]
[PlyCount "88"]
[EventDate "2015.11.11"]
[EventType "swiss"]
[EventRounds "7"]
[EventCountry "GRE"]
[SourceTitle "EXT 2024"]
[Source "ChessBase"]
[SourceDate "2023.10.10"]
[SourceVersion "1"]
[SourceVersionDate "2023.10.10"]
[SourceQuality "1"]

1. e4 e6 2. d4 d5 3. Nd2 Be7 4. Ngf3 Nf6 5. e5 Nfd7 6. Bd3 c5 7. c3 Nc6 8. 0-0 a5 9. a4 cxd4 10. cxd4 Nb4 11. Bb5 0-0 12. Nb1 Nb6 13. Nc3 Bd7 14. b3 Bxb5 15. axb5 Qd7 16. Qe2 Rfc8 17. Bd2 Nc2 18. Ra2 Nb4 19. Raa1 Rc7 20. Rfc1 Nc8 21. Na4 b6 22. Rxc7 Qxc7 23. Rc1 Qb7 24. Bxb4 axb4 25. Rc6 Bd8 26. g3 Na7 27. Rc2 Qd7 28. h4 h6 29. Qd2 Qxb5 30. Nb2 Nc6 31. Qc1 Ne7 32. Kg2 Ra3 33. Nd2 Nf5 34. Rc8 Qd7 35. Na4 Kh7 36. Qc2 g6 37. Nf3 b5 38. Nb2 Ra2 39. Rb8 Qc7 40. Qxc7 Bxc7 41. Rb7 Rxb2 42. Rxc7 Kg7 43. Rb7 Rxb3 44. Rxb5 Rxf3 0-1

[Event "Ambelokipi op 156th"]
[Site "Athens"]
[Date "2015.11.11"]
[Round "1"]
[White "Patrinos, Ilias"]
[Black "Skaperdas, Kostantinos"]
[Result "0-1"]
[WhiteElo "1561"]
[BlackElo "2126"]
[PlyCount "78"]
[EventDate "2015.11.11"]
[EventType "swiss"]
[EventRounds "7"]
[EventCountry "GRE"]
[SourceTitle "EXT 2024"]
[Source "ChessBase"]
[SourceDate "2023.10.10"]
[SourceVersion "1"]
[SourceVersionDate "2023.10.10"]
[SourceQuality "1"]

1. d4 Nf6 2. Bg5 e6 3. e3 c5 4. c3 b6 5. Nf3 Bb7 6. Bd3 Be7 7. Nbd2 d6 8. Qe2 cxd4 9. cxd4 Nd5 10. Bxe7 Qxe7 11. Rc1 0-0 12. 0-0 Nb4 13. Bc4 d5 14. Bb5 Nxa2 15. Ra1 Nb4 16. Ne5 a6 17. Ba4 f6 18. Nd3 Bc6 19. Bb3 Nxd3 20. Qxd3 Bb5 21. Qc3 Bxf1 22. Kxf1 Qd6 23. f4 Nc6 24. h4 Rac8 25. Qd3 Nb4 26. Qe2 e5 27. dxe5 fxe5 28. Ne4 Qg6 29. Qf3 Kh8 30. Ng5 Qd3+ 31. Kg1 Qxb3 32. Qh5 Qxe3+ 33. Kh1 Rc1+ 34. Rxc1 Qxc1+ 35. Kh2 Qxf4+ 36. Kh1 h6 37. Ne6 Qf5 38. Ng5 Kg8 39. g4 Qf1+ 0-1

[Event "Nikaia op 22nd"]
[Site "Nikaia"]
[Date "2014.08.29"]
[Round "4"]
[White "Katopodis, Dimitrios"]
[Black "Skaperdas, Kostantinos"]
[Result "1/2-1/2"]
[WhiteElo "1780"]
[BlackElo "2102"]
[PlyCount "72"]
[EventDate "2014.08.26"]
[EventType "swiss"]
[EventRounds "9"]
[EventCountry "GRE"]
[SourceTitle "CBM 162 Extra"]
[Source "ChessBase"]
[SourceDate "2014.10.17"]
[SourceVersion "1"]
[SourceVersionDate "2014.10.17"]
[SourceQuality "1"]

1. d4 Nf6 2. Nf3 g6 3. c4 Bg7 4. Nc3 d5 5. cxd5 Nxd5 6. e4 Nxc3 7. bxc3 c5 8. Be3 Qa5 9. Bd2 Bg4 10. Qb3 0-0 11. Be2 Qc7 12. Rc1 Nc6 13. d5 Na5 14. Qc2 Bxf3 15. Bxf3 Nc4 16. Be2 Nxd2 17. Qxd2 c4 18. 0-0 b5 19. f4 Qc5+ 20. Kh1 Rad8 21. Bf3 e6 22. h3 exd5 23. exd5 a5 24. Qc2 Qe3 25. a4 Qxf4 26. axb5 Be5 27. g4 f5 28. gxf5 Rxf5 29. Bg4 Qxf1+ 30. Rxf1 Rxf1+ 31. Kg2 Rdf8 32. Qe2 R8f2+ 33. Qxf2 Rxf2+ 34. Kxf2 a4 35. Be2 Bxc3 36. Bxc4 Bd4+ 1/2-1/2

[Event "Nikaia op 22nd"]
[Site "Nikaia"]
[Date "2014.08.28"]
[Round "3"]
[White "Skaperdas, Kostantinos"]
[Black "Nikolaou, Spiridon"]
[Result "1-0"]
[WhiteElo "2102"]
[BlackElo "1821"]
[PlyCount "121"]
[EventDate "2014.08.26"]
[EventType "swiss"]
[EventRounds "9"]
[EventCountry "GRE"]
[SourceTitle "CBM 162 Extra"]
[Source "ChessBase"]
[SourceDate "2014.10.17"]
[SourceVersion "1"]
[SourceVersionDate "2014.10.17"]
[SourceQuality "1"]

1. e4 c5 2. Nf3 e6 3. g3 Nc6 4. Bg2 a6 5. 0-0 Qc7 6. d4 cxd4 7. Nxd4 Nf6 8. c4 h5 9. Nc3 h4 10. Nxc6 dxc6 11. e5 Qxe5 12. Bf4 Qa5 13. Re1 hxg3 14. Bxg3 Be7 15. Re5 Qd8 16. Qe2 Kf8 17. Rd1 Qe8 18. Na4 b5 19. Nb6 Ra7 20. cxb5 cxb5 21. Qc2 Bd7 22. Re2 Qd8 23. Nxd7+ Rxd7 24. Red2 Nd5 25. Qc6 Bd6 26. Qxa6 Bxg3 27. hxg3 b4 28. Qb5 Rh5 29. Bxd5 Rhxd5 30. Rxd5 Rxd5 31. Rxd5 exd5 32. Qxb4+ Kg8 33. Qd4 Qa5 34. a3 g6 35. Kg2 Kh7 36. Kf3 Qe1 37. Kg2 Qa5 38. Kf1 Qb5+ 39. Ke1 Qa5+ 40. Kd1 Kg8 41. Kc2 Kh7 42. Kb3 g5 43. g4 Qb5+ 44. Ka2 Kg6 45. a4 Qc6 46. Ka3 f5 47. gxf5+ Kxf5 48. a5 g4 49. Qd3+ Kg5 50. b4 Kh4 51. a6 Qf6 52. Qg3+ Kh5 53. b5 d4 54. Ka4 d3 55. Qxd3 Qxf2 56. Qh7+ Kg5 57. Qe7+ Kh5 58. a7 Qa2+ 59. Kb4 Qb2+ 60. Ka5 Qa3+ 61. Qxa3 1-0

[Event "Anogia op 3rd"]
[Site "Anogia"]
[Date "2014.08.02"]
[Round "5"]
[White "Skaperdas, Kostantinos"]
[Black "Pap, Misa"]
[Result "0-1"]
[WhiteElo "2093"]
[BlackElo "2514"]
[PlyCount "82"]
[EventDate "2014.07.30"]
[EventType "swiss"]
[EventRounds "9"]
[EventCountry "GRE"]
[SourceTitle "CBM 161 Extra"]
[Source "ChessBase"]
[SourceDate "2014.08.29"]
[SourceVersion "1"]
[SourceVersionDate "2014.08.29"]
[SourceQuality "1"]

1. e4 c5 2. Nf3 d6 3. d4 cxd4 4. Nxd4 Nf6 5. Nc3 g6 6. Be3 Bg7 7. f3 a6 8. Qd2 h5 9. Be2 Nbd7 10. 0-0 Qc7 11. a4 b6 12. Nd5 Nxd5 13. exd5 0-0 14. Ra3 Nf6 15. c4 Bd7 16. h3 e5 17. Nc2 Bf5 18. Rc1 a5 19. Rc3 Nd7 20. Na3 Nc5 21. Nb5 Qe7 22. b3 h4 23. Bg5 Bf6 24. Bxf6 Qxf6 25. Qh6 Bd7 26. Na3 Rae8 27. Nb1 e4 28. Nd2 exf3 29. Bxf3 Qd4+ 30. Kh1 Nd3 31. Rxd3 Qxd3 32. Rd1 Qe3 33. Qxh4 Bf5 34. c5 Bc2 35. Nc4 Qxc5 36. Rc1 Bxb3 37. Qf6 Bxc4 38. Bh5 Qxd5 39. Bxg6 Re6 40. Bh7+ Kxh7 41. Qh4+ Rh6 0-1

[Event "Anogia op 3rd"]
[Site "Anogia"]
[Date "2014.08.01"]
[Round "4"]
[White "Hatipoglu, Metin"]
[Black "Skaperdas, Kostantinos"]
[Result "1/2-1/2"]
[WhiteElo "1840"]
[BlackElo "2093"]
[PlyCount "98"]
[EventDate "2014.07.30"]
[EventType "swiss"]
[EventRounds "9"]
[EventCountry "GRE"]
[SourceTitle "CBM 161 Extra"]
[Source "ChessBase"]
[SourceDate "2014.08.29"]
[SourceVersion "1"]
[SourceVersionDate "2014.08.29"]
[SourceQuality "1"]

1. e4 e6 2. d4 d5 3. exd5 exd5 4. c4 Bb4+ 5. Nc3 Nf6 6. a3 Bxc3+ 7. bxc3 0-0 8. Nf3 Nc6 9. h3 Na5 10. cxd5 Nxd5 11. Qc2 Qf6 12. Bg5 Re8+ 13. Be2 Qe6 14. 0-0 f6 15. Rae1 Qf7 16. Bd2 Rxe2 17. Rxe2 Nc4 18. Qa4 Nd6 19. Rfe1 b5 20. Qb3 Bf5 21. Nh4 Bd3 22. Re6 Bc4 23. Qc2 Nb4 24. axb4 Bxe6 25. Bf4 g6 26. Nf3 Bd5 27. Nd2 Re8 28. Ra1 h5 29. Nf1 Nf5 30. Ne3 Nxe3 31. Bxe3 c6 32. Qd2 Qe6 33. Re1 Kf7 34. f3 Qf5 35. Bf2 Rxe1+ 36. Qxe1 g5 37. Bg3 Qc2 38. Bd6 Be6 39. Qe3 Qb1+ 40. Kh2 Qc2 41. h4 Qf5 42. hxg5 fxg5 43. Be5 h4 44. Bc7 Kg6 45. Bd8 Bd7 46. Be7 Qd5 47. f4 Qe6 48. Qxe6+ Bxe6 49. Bxg5 Kh5 1/2-1/2

[Event "Anogia op 3rd"]
[Site "Anogia"]
[Date "2014.07.31"]
[Round "2"]
[White "Anurag, Mhamal"]
[Black "Skaperdas, Kostantinos"]
[Result "1-0"]
[WhiteElo "2405"]
[BlackElo "2093"]
[PlyCount "65"]
[EventDate "2014.07.30"]
[EventType "swiss"]
[EventRounds "9"]
[EventCountry "GRE"]
[SourceTitle "CBM 161 Extra"]
[Source "ChessBase"]
[SourceDate "2014.08.29"]
[SourceVersion "1"]
[SourceVersionDate "2014.08.29"]
[SourceQuality "1"]

1. c4 g6 2. d4 Nf6 3. Nc3 d5 4. cxd5 Nxd5 5. e4 Nxc3 6. bxc3 Bg7 7. Bb5+ Bd7 8. Bxd7+ Qxd7 9. Nf3 0-0 10. 0-0 c5 11. Rb1 cxd4 12. cxd4 Nc6 13. Bb2 Na5 14. Bc3 Nc4 15. Qb3 Rfc8 16. Rfc1 b5 17. d5 Bxc3 18. Rxc3 a6 19. Rd3 Qc7 20. Nd4 Ne5 21. Rdd1 Qb6 22. Qg3 f6 23. d6 Qxd6 24. Nxb5 Qe6 25. Nc3 Nf7 26. h3 Rc4 27. Nd5 Rd8 28. f3 Nd6 29. Rb6 Kf7 30. Rxa6 Nxe4 31. Qh4 Rc6 32. Qxh7+ Kf8 33. Rxc6 1-0

[Event "GRE-chT 42nd"]
[Site "Porto Rio"]
[Date "2014.06.29"]
[Round "2.4"]
[White "Galopoulos, Nikolaos"]
[Black "Skaperdas, Kostantinos"]
[Result "1/2-1/2"]
[WhiteElo "2358"]
[BlackElo "2097"]
[PlyCount "82"]
[EventDate "2014.06.28"]
[EventType "team-swiss"]
[EventRounds "7"]
[EventCountry "GRE"]
[SourceTitle "CBM 161 Extra"]
[Source "ChessBase"]
[SourceDate "2014.08.29"]
[SourceVersion "1"]
[SourceVersionDate "2014.08.29"]
[SourceQuality "1"]
[WhiteTeam "Nice Fysiolatris"]
[BlackTeam "Chess Spring"]
[WhiteTeamCountry "GRE"]
[BlackTeamCountry "GRE"]

1. d4 Nf6 2. Nf3 g6 3. c4 Bg7 4. Nc3 d5 5. Bg5 Ne4 6. cxd5 Nxg5 7. Nxg5 0-0 8. Nf3 c6 9. dxc6 Nxc6 10. e3 e5 11. d5 e4 12. Nxe4 Bf5 13. Ng3 Qa5+ 14. Nd2 Qxd5 15. Nc4 Be6 16. Qxd5 Bxd5 17. 0-0-0 Rfd8 18. Kb1 Be4+ 19. Kc1 Rxd1+ 20. Kxd1 Bd5 21. b3 Rd8 22. Kc1 b5 23. Nd2 Nb4 24. Bxb5 Nxa2+ 25. Kc2 Nb4+ 26. Kc1 Na2+ 27. Kc2 Nb4+ 28. Kc1 Bxg2 29. Rg1 Bb7 30. Bc4 Na2+ 31. Kc2 Nb4+ 32. Kc1 Nd3+ 33. Kc2 Nxf2 34. Bxf7+ Kh8 35. Ne2 Nd3 36. Nd4 Nb4+ 37. Kc3 Nd5+ 38. Bxd5 Rxd5 39. Ra1 a6 40. Nc4 Rh5 41. Nd6 Bd5 1/2-1/2

[Event "Paleochora op 6th"]
[Site "Paleochora"]
[Date "2013.07.26"]
[Round "9"]
[White "Skaperdas, Kostantinos"]
[Black "Godbole, Atharva"]
[Result "1/2-1/2"]
[WhiteElo "2141"]
[BlackElo "1943"]
[PlyCount "48"]
[EventDate "2013.07.19"]
[EventType "swiss"]
[EventRounds "9"]
[EventCountry "GRE"]
[SourceTitle "CBM 155 Extra"]
[Source "ChessBase"]
[SourceDate "2013.08.26"]
[SourceVersion "1"]
[SourceVersionDate "2013.08.26"]
[SourceQuality "1"]

1. e4 e5 2. Nf3 Nc6 3. Bb5 a6 4. Ba4 Nf6 5. 0-0 Nxe4 6. d4 b5 7. Bb3 d5 8. dxe5 Be6 9. Nbd2 Nc5 10. c3 d4 11. Bxe6 Nxe6 12. cxd4 Ncxd4 13. Ne4 Be7 14. Nxd4 Qxd4 15. Qxd4 Nxd4 16. Be3 0-0-0 17. Rad1 Nc2 18. Bc5 Rhe8 19. f4 Bxc5+ 20. Nxc5 Ne3 21. Rxd8+ Rxd8 22. Re1 Nc2 23. Rc1 Nb4 24. a3 Nd3 1/2-1/2

[Event "Anogia op 2nd"]
[Site "Anogia"]
[Date "2013.07.16"]
[Round "8"]
[White "Skaperdas, Kostantinos"]
[Black "Pap, Misa"]
[Result "0-1"]
[WhiteElo "2141"]
[BlackElo "2489"]
[PlyCount "72"]
[EventDate "2013.07.10"]
[EventType "swiss"]
[EventRounds "9"]
[EventCountry "GRE"]
[SourceTitle "CBM 155 Extra"]
[Source "ChessBase"]
[SourceDate "2013.08.26"]
[SourceVersion "1"]
[SourceVersionDate "2013.08.26"]
[SourceQuality "1"]

1. e4 c5 2. Nc3 Nc6 3. Nge2 e6 4. d4 d5 5. exd5 exd5 6. Bf4 Be6 7. Nb5 Rc8 8. dxc5 Bxc5 9. c3 a6 10. b4 Nxb4 11. cxb4 Bxb4+ 12. Bd2 Bxd2+ 13. Qxd2 axb5 14. Nd4 Ne7 15. Bxb5+ Nc6 16. 0-0 0-0 17. Rfe1 Qf6 18. Bxc6 bxc6 19. a4 c5 20. Nxe6 fxe6 21. Qe2 Rc6 22. a5 c4 23. a6 Ra8 24. a7 Rc7 25. Ra6 Rcxa7 26. Rxe6 Qf7 27. f3 h6 28. Qe5 Rd8 29. Qd4 Rc7 30. R1e5 Kh7 31. h3 c3 32. Qd3+ g6 33. Re1 c2 34. Qe3 d4 35. Qc1 d3 36. Qd2 Qxe6 0-1

[Event "Anogia op 2nd"]
[Site "Anogia"]
[Date "2013.07.13"]
[Round "5"]
[White "Skaperdas, Kostantinos"]
[Black "Stavrianakis, Ioannis"]
[Result "1/2-1/2"]
[WhiteElo "2141"]
[BlackElo "2298"]
[PlyCount "156"]
[EventDate "2013.07.10"]
[EventType "swiss"]
[EventRounds "9"]
[EventCountry "GRE"]
[SourceTitle "CBM 155 Extra"]
[Source "ChessBase"]
[SourceDate "2013.08.26"]
[SourceVersion "1"]
[SourceVersionDate "2013.08.26"]
[SourceQuality "1"]

1. e4 d5 2. exd5 Qxd5 3. Nc3 Qd6 4. d4 Nf6 5. Nb5 Qd8 6. c4 c6 7. Nc3 Bg4 8. Qb3 Qc8 9. Bf4 e6 10. h3 Bh5 11. g4 Bg6 12. Bg2 Nbd7 13. Nge2 Be7 14. 0-0 0-0 15. Rac1 Re8 16. Bg3 Bf8 17. Nf4 e5 18. Nxg6 hxg6 19. d5 Nc5 20. Qc2 a5 21. Rfe1 Bd6 22. dxc6 bxc6 23. Na4 Nfd7 24. a3 Rb8 25. Rcd1 Qc7 26. Qd2 Re6 27. Nxc5 Nxc5 28. Re2 Nb3 29. Qe1 Kh7 30. Kh1 Nd4 31. Red2 Rb3 32. Qe4 Qe7 33. Re1 Qb7 34. Qb1 Qb6 35. Kh2 Qc5 36. Qd1 Qxc4 37. Re3 a4 38. Bf1 Qc5 39. Bg2 f5 40. gxf5 Nxf5 41. Rxb3 axb3 42. Qxb3 Rf6 43. Qc2 Nxg3 44. fxg3 Qa5 45. Be4 Bc7 46. h4 Kh6 47. Re2 Qb5 48. Qd2+ Kh7 49. h5 Bb6 50. hxg6+ Kg8 51. Qc2 Bd4 52. a4 Qb6 53. Kg2 Kf8 54. b3 Qa6 55. b4 Ke8 56. Qa2 Ke7 57. b5 cxb5 58. Qg8 bxa4 59. Qxg7+ Ke8 60. Qg8+ Ke7 61. Qa2 Kf8 62. Qa3+ Ke8 63. Qa2 Kf8 64. Qc2 a3 65. Bf3 Rxg6 66. Qc7 Qd6 67. Qc8+ Kg7 68. Be4 Rf6 69. Rc2 Rf8 70. Rc7+ Rf7 71. Qg4+ Kf8 72. Rc8+ Ke7 73. Qh4+ Qf6 74. Rc7+ Kf8 75. Rc8+ Ke7 76. Rc7+ Kf8 77. Rc8+ Ke7 78. Rc7+ Kf8 1/2-1/2

[Event "Anogia op 2nd"]
[Site "Anogia"]
[Date "2013.07.12"]
[Round "4"]
[White "Drakaki, Anna Maria"]
[Black "Skaperdas, Kostantinos"]
[Result "0-1"]
[WhiteElo "1910"]
[BlackElo "2141"]
[PlyCount "78"]
[EventDate "2013.07.10"]
[EventType "swiss"]
[EventRounds "9"]
[EventCountry "GRE"]
[SourceTitle "CBM 155 Extra"]
[Source "ChessBase"]
[SourceDate "2013.08.26"]
[SourceVersion "1"]
[SourceVersionDate "2013.08.26"]
[SourceQuality "1"]

1. e4 e6 2. d4 d5 3. Nc3 Bb4 4. e5 c5 5. Bd2 Nh6 6. Nb5 Bxd2+ 7. Qxd2 0-0 8. f4 a6 9. Nc3 cxd4 10. Nce2 f6 11. Nf3 fxe5 12. Nxe5 Nc6 13. Nf3 Qf6 14. 0-0-0 Ng4 15. Qe1 Bd7 16. h3 Ne3 17. Rd3 Rac8 18. Nfxd4 Nxd4 19. Nxd4 Nxf1 20. Rxf1 e5 21. Nb3 Bb5 22. Rxd5 Bxf1 23. Qxf1 Qxf4+ 24. Qxf4 Rxf4 25. c3 Rf1+ 26. Kc2 Rf2+ 27. Rd2 Rcf8 28. Nc5 Rxd2+ 29. Kxd2 Rf2+ 30. Ke3 Rxb2 31. Ke4 Rc2 32. Kd3 Rxa2 33. Nxb7 Kf7 34. Ke4 a5 35. c4 a4 36. c5 a3 37. Na5 Rd2 38. c6 a2 39. Nb3 Ke7 0-1

[Event "Anogia op 2nd"]
[Site "Anogia"]
[Date "2013.07.11"]
[Round "2"]
[White "Tolias, Fotis"]
[Black "Skaperdas, Kostantinos"]
[Result "0-1"]
[WhiteElo "1749"]
[BlackElo "2141"]
[PlyCount "22"]
[EventDate "2013.07.10"]
[EventType "swiss"]
[EventRounds "9"]
[EventCountry "GRE"]
[SourceTitle "CBM 155 Extra"]
[Source "ChessBase"]
[SourceDate "2013.08.26"]
[SourceVersion "1"]
[SourceVersionDate "2013.08.26"]
[SourceQuality "1"]

1. e4 e6 2. d4 d5 3. e5 c5 4. c3 Nc6 5. Nf3 Bd7 6. a3 f6 7. Bd3 Qc7 8. b4 fxe5 9. Nxe5 Nxe5 10. dxe5 Qxe5+ 11. Be3 d4 0-1